000 00983nam a22002657a 4500
999 _c14542
_d14542
003 MIRAKIL
005 20211013153050.0
008 211013b tu ||||| |||| 00| 0 tur d
040 _aTR-AnCHP
_btur
_cTR-AnCHP
041 _atur
082 _aCHP 362.4
_bC36e 2021
110 _aCumhuriyet Halk Partisi (CHP)
245 _aEngellilerin sorunlarını birlikte çözeceğiz/
_cCumhuriyet Halk Partisi.
260 _aAnkara:
_bCumhuriyet Halk Partisi,
_c2021.
300 _a4 s.:
_brnk. res.,
_c21 sm.
440 _aCumhuriyet Halk Partisi yayınları
_pBroşürler
610 _aCumhuriyet Halk Partisi (CHP)
_xEngelliler politikası
610 _aCumhuriyet Halk Partisi (CHP)
_xEngelliler ve sorunları
_yÇözüm önerileri
610 _aCumhuriyet Halk Partisi (CHP)
_yEngelli hakları
650 _aEngelliler ve sorunları
_xToplumsal hizmetler
_zTürkiye
650 _aEngelli hakları
_zTürkiye
830 _aCHP raporları
942 _2ddc
_cARC